Plane Trigonometry (Record no. 543913)

000 -LEADER
fixed length control field 00348nam a22001337a 4500
082 ## - DEWEY DECIMAL CLASSIFICATION NUMBER
Classification number 516.242
Author Mark Ful
-- L-4 P-6
100 ## - MAIN ENTRY--PERSONAL NAME
Personal name Fuller, Gorden
9 (RLIN) 39416
245 ## - TITLE STATEMENT
Title Plane Trigonometry
260 ## - PUBLICATION, DISTRIBUTION, ETC.
Place of publication, distribution, etc. London
Name of publisher, distributor, etc. Mc GRAW Hill
Date of publication, distribution, etc. 1950
300 ## - PHYSICAL DESCRIPTION
Extent 270 P.:
Other physical details ill,
Dimensions 24 CM
526 ## - STUDY PROGRAM INFORMATION NOTE
Program name 0
Interest level 0
Reading level 0
Title point value 516_242000000000000_FUL
650 ## - SUBJECT ADDED ENTRY--TOPICAL TERM
Topical term or geographic name entry element MCE
9 (RLIN) 379
942 ## - ADDED ENTRY ELEMENTS (KOHA)
Source of classification or shelving scheme
Koha item type Book
Holdings
Withdrawn status Lost status Source of classification or shelving scheme Damaged status Not for loan Permanent Location Current Location Date acquired Total Checkouts Full call number Barcode Date last seen Price effective from Koha item type
          Military College of Engineering (MCE) Military College of Engineering (MCE) 04/07/2014   516.242 Ful MCE-29255 04/07/2014 04/07/2014 Book
© 2023 Central Library, National University of Sciences and Technology. All Rights Reserved.